00207nam a2200085Ia 4500008004100000100001800041245003000059260002300089260000900112170620s9999 xx 000 0 und d aMishra- S. N. 4aThe Code Of Criminal Pro. bCentral Law Agency c2003